| 000 | 00747cam a2200241 4500 | ||
|---|---|---|---|
| 008 | 090401t1994 xxu||||| |||| 00| 0 eng d | ||
| 020 | _a0900382708 | ||
| 035 | _a(Sirsi) u44070 | ||
| 041 | _aeng | ||
| 050 | _a306.31025 | ||
| 110 |
_aBuilding Societies Association _91731 |
||
| 245 | _aBuilding societies yearbook 1994-95: official handbook of the Building Societies Association and Council of Mortgage Lenders Yearbook. | ||
| 260 |
_aLondon _bFraney and Co. Ltd _c1994 |
||
| 300 | _a550,386p. ; 21cm. | ||
| 350 | _a60 | ||
| 650 | _aBUILDING SOCIETIES | ||
| 650 | _aDIRECTORIES | ||
| 690 | _aHOUSING-FINANCE | ||
| 700 |
_aMolloy, Joanne _xEditor |
||
| 710 |
_aCouncil of Mortgage Lenders _95903 |
||
| 942 | _n0 | ||
| 948 | _c04/03/1997 | ||
| 999 |
_c91432 _d91432 |
||